|
|
|
|
| LEADER |
01640cas a2200241 a 4500 |
| 001 |
AALejournalIMF007158 |
| 008 |
230101c9999 xx r poo 0 0eng d |
| 020 |
|
|
|c 5.00 USD
|
| 020 |
|
|
|z 9781455254354
|
| 022 |
|
|
|a 1934-7685
|
| 040 |
|
|
|a BD-DhAAL
|c BD-DhAAL
|
| 110 |
2 |
|
|a International Monetary Fund.
|
| 245 |
1 |
0 |
|a Mauritius :
|b 2011 Article IV Consultation-Staff Report; Public Information Notice on the Executive Board Discussion.
|
| 264 |
|
1 |
|a Washington, D.C. :
|b International Monetary Fund,
|c 2011.
|
| 300 |
|
|
|a 1 online resource (67 pages)
|
| 490 |
1 |
|
|a IMF Staff Country Reports
|
| 500 |
|
|
|a <strong>Off-Campus Access:</strong> No User ID or Password Required
|
| 500 |
|
|
|a <strong>On-Campus Access:</strong> No User ID or Password Required
|
| 506 |
|
|
|a Electronic access restricted to authorized BRAC University faculty, staff and students
|
| 520 |
3 |
|
|a Over the past two decades, wide-ranging structural reforms, supported by prudent policies, have established Mauritius as a top regional performer. The Mauritian economy recovered in 2010. Real GDP growth is estimated to have accelerated to 4 percent (3 percent in 2009), driven by strong growth in fishing, ICT, and financial industries. Against the backdrop of the European debt crisis and a depreciating Euro in mid-2010, the government adopted a second stimulus package. Fiscal policy was less expansionary than originally envisaged.
|
| 538 |
|
|
|a Mode of access: Internet
|
| 830 |
|
0 |
|a IMF Staff Country Reports; Country Report ;
|v No. 2011/096
|
| 856 |
4 |
0 |
|z Full text available on IMF
|u http://elibrary.imf.org/view/journals/002/2011/096/002.2011.issue-096-en.xml
|z IMF e-Library
|